00546nam a22001575i 4500001000700000003000900007005001700016008004100033040002000074100003700094245010200131260005000233300004100283650002400324852004000348166835ES-MaACL20251015063150.0980907s1858 fr |||| | fre d aCAM bspa cCAM1 aVacherot, Étienne, d1809-189713aLa métaphysique et la science ou Principes de métaphysiqye positive / cpar Etienne Vacherot. aParis : bF. Chamerot, c1858 (fL. Martinet) a2 v. (XXXVI 452 ; 693 p.) ; c24 cm. 7aMetafísica2embne aES-MaACLjG-9565-66 z-- Enc. pasta